[Event "BEL-chT 1718"]
[Site "Belgium"]
[Date "2018.04.22"]
[Round "10.4"]
[White "Laurent, Bruno"]
[Black "De Strycker, Nathan"]
[Result "1/2-1/2"]
[WhiteElo "2352"]
[BlackElo "2194"]
[PlyCount "128"]
[EventDate "2017.09.24"]
[EventType "team-tourn"]
[EventRounds "11"]
[EventCountry "BEL"]
[SourceTitle "EXT 2019"]
[Source "ChessBase"]
[SourceDate "2018.10.10"]
[SourceVersion "1"]
[SourceVersionDate "2018.10.10"]
[SourceQuality "1"]
[WhiteTeam "Charleroi CREC"]
[BlackTeam "TSM Schifflange"]
[WhiteTeamCountry "BEL"]
[BlackTeamCountry "BEL"]

1. e4 e6 2. d4 d5 3. Nd2 c5 4. Ngf3 cxd4 5. Nxd4 Nf6 6. e5 Nfd7 7. N2f3 Nc6 8. Bb5 Nxd4 9. Nxd4 a6 10. Bxd7+ Bxd7 11. 0-0 Qc7 12. Re1 Bc5 13. Nb3 Bb6 14. Be3 0-0 15. Bxb6 Qxb6 16. c3 Rac8 17. Qd2 f5 18. Nd4 Qd8 19. f4 b5 20. a3 Qe7 21. Re3 a5 22. Kh1 Rc4 23. Rg1 b4 24. axb4 axb4 25. g4 bxc3 26. bxc3 fxg4 27. Rxg4 h5 28. Rg5 Rxf4 29. Reg3 Rg4 30. R5xg4 hxg4 31. Rxg4 Ra4 32. Kg2 Qf7 33. Qb2 Bc8 34. h3 Qa7 35. Kg3 Qc7 36. Nf3 Rxg4+ 37. hxg4 Bb7 38. Qb4 g6 39. Qd4 Qc4 40. Qb6 Qc8 41. Qe3 Bc6 42. g5 Ba4 43. Nh2 Bd1 44. Qd3 Bh5 45. Ng4 Bxg4 46. Qxg6+ Kf8 47. Qf6+ Kg8 48. Qg6+ Kf8 49. Qh6+ Kg8 50. Kxg4 Qc4+ 51. Kh5 Qe2+ 52. Kg6 Qd3+ 53. Kf6 Qf3+ 54. Kxe6 Qxc3 55. Qg6+ Kh8 56. Qf6+ Kg8 57. Kxd5 Qd3+ 58. Ke6 Qa6+ 59. Kf5 Qd3+ 60. Ke6 Qa6+ 61. Kf5 Qd3+ 62. Kf4 Qd4+ 63. Kg3 Qe3+ 64. Kg4 Qe2+ 1/2-1/2

[Event "BEL-chT 1617"]
[Site "Belgium"]
[Date "2016.11.06"]
[Round "3.3"]
[White "Laurent, Bruno"]
[Black "Van Haastert, Edwin"]
[Result "0-1"]
[WhiteElo "2360"]
[BlackElo "2449"]
[PlyCount "123"]
[EventDate "2016.10.02"]
[EventType "team-tourn"]
[EventRounds "11"]
[EventCountry "BEL"]
[SourceTitle "CBM 175 Extra"]
[Source "ChessBase"]
[SourceDate "2016.12.12"]
[SourceVersion "1"]
[SourceVersionDate "2016.12.12"]
[SourceQuality "1"]
[WhiteTeam "Charleroi CREC"]
[BlackTeam "KGSRL"]
[WhiteTeamCountry "BEL"]
[BlackTeamCountry "BEL"]

1. e4 e6 2. d4 d5 3. Nc3 Nf6 4. e5 Nfd7 5. f4 c5 6. Nf3 Nc6 7. Be3 a6 8. Qd2 b5 9. a3 Qa5 10. Ra2 Qb6 11. Ne2 Qc7 12. c3 Bb7 13. dxc5 Nxc5 14. Ned4 Be7 15. Nxc6 Bxc6 16. Bd3 d4 17. cxd4 Bd5 18. Bb1 Bxa2 19. Bxa2 Na4 20. f5 exf5 21. d5 Bc5 22. d6 Bxe3 23. Qxe3 Qc5 24. Nd4 0-0 25. 0-0 Nxb2 26. Nxf5 Qxe3+ 27. Nxe3 Nd3 28. Rf5 g6 29. Rg5 Rac8 30. h4 h6 31. Rxg6+ Kh7 32. Rf6 Nxe5 33. Bb1+ Kg7 34. Rf1 h5 35. Nf5+ Kh8 36. Ne7 Rc5 37. Rf5 Kg7 38. Rg5+ Kf6 39. Ba2 Rc1+ 40. Kh2 Nc4 41. Rxh5 Ke6 42. Rd5 Ra1 43. Rd2 Kd7 44. Bxc4 bxc4 45. Nd5 Kxd6 46. Nb6+ Ke6 47. Nxc4 Rc8 48. Re2+ Kf6 49. Rf2+ Kg7 50. Nd6 Rc6 51. Nf5+ Kf8 52. h5 Rcc1 53. h6 Rh1+ 54. Kg3 Rxa3+ 55. Kg4 f6 56. Rb2 Ra4+ 57. Kf3 Rf1+ 58. Ke2 Rxf5 59. Rb8+ Ke7 60. h7 Ra2+ 61. Ke3 Rh5 62. g4 0-1

[Event "BEL-chT 1617"]
[Site "Belgium"]
[Date "2016.10.02"]
[Round "1.6"]
[White "De Haan, Eric"]
[Black "Laurent, Bruno"]
[Result "1/2-1/2"]
[WhiteElo "2329"]
[BlackElo "2360"]
[PlyCount "40"]
[EventDate "2016.10.02"]
[EventType "team-tourn"]
[EventRounds "11"]
[EventCountry "BEL"]
[SourceTitle "EXT 2017"]
[Source "ChessBase"]
[SourceDate "2016.10.25"]
[SourceVersion "1"]
[SourceVersionDate "2016.10.25"]
[SourceQuality "1"]
[WhiteTeam "Borgerhout"]
[BlackTeam "Charleroi CREC"]
[WhiteTeamCountry "BEL"]
[BlackTeamCountry "BEL"]

1. d4 Nf6 2. c4 c5 3. d5 e6 4. Nc3 exd5 5. cxd5 Bd6 6. e4 0-0 7. Bd3 Re8 8. Nge2 Bc7 9. Bg5 a6 10. a4 d6 11. 0-0 Nbd7 12. f4 h6 13. Bh4 Nf8 14. e5 dxe5 15. Ne4 N8h7 16. d6 Bb6 17. a5 Ba7 18. Kh1 Bg4 19. fxe5 Rxe5 20. Bxf6 Nxf6 1/2-1/2

[Event "BEL-chT 1415"]
[Site "Belgium"]
[Date "2015.03.01"]
[Round "9.3"]
[White "Milov, Leonid"]
[Black "Laurent, Bruno"]
[Result "1/2-1/2"]
[WhiteElo "2498"]
[BlackElo "2379"]
[PlyCount "67"]
[EventDate "2014.09.28"]
[EventType "team-swiss"]
[EventRounds "11"]
[EventCountry "BEL"]
[SourceTitle "EXT 2016"]
[Source "ChessBase"]
[SourceDate "2015.10.08"]
[SourceVersion "1"]
[SourceVersionDate "2015.10.08"]
[SourceQuality "1"]
[WhiteTeam "Eynatten"]
[BlackTeam "Charleroi CREC"]
[WhiteTeamCountry "BEL"]
[BlackTeamCountry "BEL"]

1. e4 e6 2. Nf3 d5 3. Nc3 Nf6 4. e5 Nfd7 5. d4 c5 6. Ne2 cxd4 7. Nexd4 Nc6 8. Bf4 Qb6 9. c3 Nxd4 10. Nxd4 a6 11. Qc2 g6 12. Bd3 Bg7 13. Nf3 Nc5 14. b4 Nxd3+ 15. Qxd3 Bd7 16. a4 Rc8 17. 0-0 0-0 18. Qd2 Rc4 19. Be3 Qc7 20. Bd4 Rc8 21. Qe3 Bf8 22. Qf4 h6 23. Rfb1 f5 24. h4 b5 25. axb5 Bxb5 26. Ra3 Qg7 27. Rba1 R4c6 28. Qd2 Qc7 29. Bc5 Bg7 30. Nd4 Qxe5 31. Nxc6 Rxc6 32. Bd4 Qd6 33. Bxg7 Kxg7 34. Re1 1/2-1/2

[Event "BEL-chT 1415"]
[Site "Belgium"]
[Date "2015.01.25"]
[Round "7.3"]
[White "Fiebig, Thomas"]
[Black "Laurent, Bruno"]
[Result "1-0"]
[WhiteElo "2398"]
[BlackElo "2379"]
[PlyCount "125"]
[EventDate "2014.09.28"]
[EventType "team-swiss"]
[EventRounds "11"]
[EventCountry "BEL"]
[SourceTitle "EXT 2016"]
[Source "ChessBase"]
[SourceDate "2015.10.08"]
[SourceVersion "1"]
[SourceVersionDate "2015.10.08"]
[SourceQuality "1"]
[WhiteTeam "KSK Rochade"]
[BlackTeam "Charleroi CREC"]
[WhiteTeamCountry "BEL"]
[BlackTeamCountry "BEL"]

1. e4 e5 2. Nf3 Nc6 3. Nc3 Nf6 4. d4 exd4 5. Nxd4 Bb4 6. Nxc6 bxc6 7. Bd3 d5 8. exd5 Qe7+ 9. Qe2 Nxd5 10. Qxe7+ Kxe7 11. Bd2 Nxc3 12. bxc3 Bd6 13. 0-0 Be6 14. f4 f5 15. Rfe1 Kd7 16. c4 Rab8 17. g3 h6 18. Re2 Rhe8 19. h4 h5 20. Be3 c5 21. Bd2 g6 22. Ree1 Bf7 23. Reb1 Be6 24. Rb3 Rb6 25. Ra3 a6 26. Ba5 Rbb8 27. Bc3 Rb6 28. Kf2 Ke7 29. Rb3 Bd7 30. Rab1 Reb8 31. Ba5 Rxb3 32. axb3 Bc6 33. Ra1 Kd7 34. Bd2 Ra8 35. Ra5 Bb7 36. Be3 Kc6 37. Be2 Re8 38. c3 Kb6 39. b4 Rxe3 40. Kxe3 cxb4 41. cxb4 Bxb4 42. Re5 a5 43. Bd1 Bc6 44. Re6 Kc5 45. Rxg6 a4 46. Rxc6+ Kxc6 47. Bxa4+ Kd6 48. Be8 Be1 49. Kf3 c5 50. Bxh5 Ke6 51. Be8 Ke7 52. Ba4 Kf6 53. Bc2 Bc3 54. h5 Bd4 55. h6 Ke6 56. h7 Bf6 57. Kg2 Bh8 58. Kh3 Kf6 59. Kh4 Bg7 60. Kh5 Bh8 61. Bd3 Bg7 62. Kh4 Bh8 63. Kh3 1-0

[Event "BEL-chT 1415"]
[Site "Belgium"]
[Date "2015.01.11"]
[Round "6.4"]
[White "Geenen, Marc"]
[Black "Laurent, Bruno"]
[Result "1/2-1/2"]
[WhiteElo "2215"]
[BlackElo "2379"]
[PlyCount "45"]
[EventDate "2014.09.28"]
[EventType "team-swiss"]
[EventRounds "11"]
[EventCountry "BEL"]
[SourceTitle "EXT 2016"]
[Source "ChessBase"]
[SourceDate "2015.10.08"]
[SourceVersion "1"]
[SourceVersionDate "2015.10.08"]
[SourceQuality "1"]
[WhiteTeam "Namur"]
[BlackTeam "Charleroi CREC"]
[WhiteTeamCountry "BEL"]
[BlackTeamCountry "BEL"]

1. e4 e6 2. d4 d5 3. Nd2 Nf6 4. e5 Nfd7 5. c3 c5 6. Bd3 Nc6 7. Ne2 cxd4 8. cxd4 f6 9. exf6 Nxf6 10. Nf3 Bd6 11. 0-0 Qc7 12. g3 0-0 13. Bf4 Ng4 14. Rc1 Bxf4 15. Nxf4 Rxf4 16. gxf4 Qxf4 17. Bb5 Bd7 18. Bxc6 Bxc6 19. Rc3 Rf8 20. h3 Bb5 21. Re1 Nxf2 22. Kxf2 Qh2+ 23. Ke3 1/2-1/2

[Event "Fourmies op 37th"]
[Site "Fourmies"]
[Date "2013.05.20"]
[Round "6"]
[White "De Noose, Daniel"]
[Black "Laurent, Bruno"]
[Result "0-1"]
[WhiteElo "1881"]
[BlackElo "2378"]
[PlyCount "32"]
[EventDate "2013.05.18"]
[EventType "swiss"]
[EventRounds "7"]
[EventCountry "FRA"]
[SourceTitle "CBM 154 Extra"]
[Source "ChessBase"]
[SourceDate "2013.06.25"]
[SourceVersion "2"]
[SourceVersionDate "2013.06.25"]
[SourceQuality "1"]

1. d4 Nf6 2. Nc3 d5 3. Bg5 Nbd7 4. Nf3 h6 5. Bh4 e6 6. Qd3 c5 7. e4 dxe4 8. Nxe4 Qa5+ 9. c3 Be7 10. dxc5 Nxe4 11. Bxe7 Nxc3 12. c6 Nd5+ 13. b4 Nxb4 14. cxd7+ Kxe7 15. dxc8N+ Raxc8 16. Qd1 Rhd8 0-1

[Event "BEL-chT 1213"]
[Site "Belgium"]
[Date "2013.03.24"]
[Round "11.4"]
[White "Laurent, Bruno"]
[Black "Fiebig, Thomas"]
[Result "1/2-1/2"]
[WhiteElo "2359"]
[BlackElo "2414"]
[PlyCount "93"]
[EventDate "2012.09.23"]
[EventType "team-tourn"]
[EventRounds "11"]
[EventCountry "BEL"]
[SourceTitle "EXT 2014"]
[Source "ChessBase"]
[SourceDate "2013.11.20"]
[SourceVersion "1"]
[SourceVersionDate "2013.11.20"]
[SourceQuality "1"]
[WhiteTeam "Charleroi CREC"]
[BlackTeam "Rochade"]
[WhiteTeamCountry "BEL"]
[BlackTeamCountry "BEL"]

1. e4 e6 2. d4 d5 3. Nc3 Nf6 4. e5 Nfd7 5. f4 c5 6. Nf3 Nc6 7. Be3 Be7 8. Qd2 0-0 9. Be2 b6 10. Nd1 cxd4 11. Nxd4 Nxd4 12. Bxd4 Nb8 13. c3 Ba6 14. Ne3 Bxe2 15. Qxe2 Nc6 16. 0-0 f6 17. Qg4 f5 18. Qe2 Bc5 19. Rad1 Bxd4 20. cxd4 Rc8 21. Kh1 Qd7 22. Qd3 Rc7 23. Rd2 Ne7 24. Nd1 Rfc8 25. Nc3 Rc4 26. Ne2 b5 27. Rdd1 Qc6 28. Qe3 Rc2 29. Nc1 Rxb2 30. Nd3 Qc3 31. Rc1 Qd2 32. Rxc8+ Nxc8 33. Qg3 Rc2 34. Nc5 Rc1 35. Qf3 Kf7 36. h3 Rxf1+ 37. Qxf1 Nb6 38. Qf3 g6 39. Qg3 Qd1+ 40. Kh2 Qxd4 41. Nb7 Nd7 42. Qh4 Nf8 43. Nd6+ Kg8 44. Ne8 Kf7 45. Nd6+ Kg8 46. Ne8 Kf7 47. Nd6+ 1/2-1/2

[Event "BEL-chT 1213"]
[Site "Belgium"]
[Date "2013.01.13"]
[Round "7.5"]
[White "Laurent, Bruno"]
[Black "Veltkamp, Gerben"]
[Result "1-0"]
[WhiteElo "2359"]
[BlackElo "2195"]
[PlyCount "57"]
[EventDate "2012.09.23"]
[EventType "team-tourn"]
[EventRounds "11"]
[EventCountry "BEL"]
[SourceTitle "EXT 2014"]
[Source "ChessBase"]
[SourceDate "2013.11.20"]
[SourceVersion "1"]
[SourceVersionDate "2013.11.20"]
[SourceQuality "1"]
[WhiteTeam "Charleroi CREC"]
[BlackTeam "Borgerhout"]
[WhiteTeamCountry "BEL"]
[BlackTeamCountry "BEL"]

1. e4 e5 2. Nf3 Nc6 3. Bb5 Nf6 4. d3 Bc5 5. 0-0 Nd4 6. Nxd4 Bxd4 7. c3 Bb6 8. d4 c6 9. dxe5 Nxe4 10. Bd3 Qh4 11. Bxe4 Qxe4 12. Re1 Qf5 13. Be3 0-0 14. Na3 d5 15. exd6 Be6 16. Nc2 Rad8 17. Bxb6 axb6 18. Re2 Qc5 19. Rd2 Rd7 20. Nd4 Qxd6 21. Qh5 Qc5 22. Qh4 Qc4 23. Qg3 Rfd8 24. b3 Qc5 25. Re1 Qh5 26. Rde2 g6 27. h3 Bd5 28. Re5 Qh6 29. Re8+ 1-0

[Event "BEL-chT 1213"]
[Site "Belgium"]
[Date "2012.10.21"]
[Round "3.6"]
[White "Bischofs, Heinrich"]
[Black "Laurent, Bruno"]
[Result "0-1"]
[WhiteElo "1877"]
[BlackElo "2359"]
[PlyCount "79"]
[EventDate "2012.09.23"]
[EventType "team-tourn"]
[EventRounds "11"]
[EventCountry "BEL"]
[SourceTitle "EXT 2013"]
[Source "ChessBase"]
[SourceDate "2012.11.22"]
[SourceVersion "1"]
[SourceVersionDate "2012.11.22"]
[SourceQuality "1"]
[WhiteTeam "Eynatten II"]
[BlackTeam "Charleroi CREC"]
[WhiteTeamCountry "BEL"]
[BlackTeamCountry "BEL"]

1. e4 e6 2. d4 d5 3. Nc3 Nf6 4. Bg5 Be7 5. e5 Nfd7 6. Bxe7 Qxe7 7. f4 Nc6 8. Nf3 Nb6 9. Qd2 Bd7 10. Be2 a6 11. 0-0 0-0 12. Nd1 f6 13. Ne3 fxe5 14. fxe5 Be8 15. c3 Bh5 16. Rf2 Rf4 17. Raf1 Raf8 18. g3 R4f7 19. b3 Nd8 20. Ng2 c5 21. Nf4 Bg4 22. dxc5 Qxc5 23. Qd4 Qxd4 24. Nxd4 Bxe2 25. Nfxe2 Nd7 26. Nf4 Nc5 27. Rf3 Re8 28. Nd3 Ne4 29. Rxf7 Nxf7 30. Nf4 Nxe5 31. c4 Nc6 32. Nfxe6 dxc4 33. bxc4 Nd2 34. Rc1 Nxd4 35. Nxd4 Re4 36. Nb3 Nf3+ 37. Kg2 Ne5 38. Nc5 Re2+ 39. Kf1 Rxh2 40. Nxb7 0-1

[Event "BEL-chT 1213"]
[Site "Belgium"]
[Date "2012.10.07"]
[Round "2.4"]
[White "Laurent, Bruno"]
[Black "Tan, Matthew"]
[Result "1/2-1/2"]
[WhiteElo "2359"]
[BlackElo "2428"]
[PlyCount "31"]
[EventDate "2012.09.23"]
[EventType "team-tourn"]
[EventRounds "11"]
[EventCountry "BEL"]
[SourceTitle "CBM 150 Extra"]
[Source "ChessBase"]
[SourceDate "2012.10.19"]
[SourceVersion "1"]
[SourceVersionDate "2012.10.19"]
[SourceQuality "1"]
[WhiteTeam "Charleroi CREC"]
[BlackTeam "Amay"]
[WhiteTeamCountry "BEL"]
[BlackTeamCountry "BEL"]

1. e4 e6 2. d4 d5 3. Nc3 Bb4 4. exd5 exd5 5. Bd3 Ne7 6. Qh5 Nbc6 7. Nf3 Be6 8. a3 Bxc3+ 9. bxc3 Qd7 10. Ng5 g6 11. Qf3 0-0-0 12. Nxe6 Qxe6+ 13. Be3 Nf5 14. 0-0 Nxe3 15. Rfe1 Qg4 16. Rxe3 1/2-1/2

[Event "BEL-chT 1213"]
[Site "Belgium"]
[Date "2012.09.23"]
[Round "1.6"]
[White "Marechal, Andy"]
[Black "Laurent, Bruno"]
[Result "1/2-1/2"]
[WhiteElo "2346"]
[BlackElo "2359"]
[PlyCount "24"]
[EventDate "2012.09.23"]
[EventType "team-tourn"]
[EventRounds "11"]
[EventCountry "BEL"]
[SourceTitle "CBM 150 Extra"]
[Source "ChessBase"]
[SourceDate "2012.10.19"]
[SourceVersion "1"]
[SourceVersionDate "2012.10.19"]
[SourceQuality "1"]
[WhiteTeam "Fontaine"]
[BlackTeam "Charleroi CREC"]
[WhiteTeamCountry "BEL"]
[BlackTeamCountry "BEL"]

1. e4 e5 2. Nf3 Nc6 3. d4 exd4 4. Nxd4 Bc5 5. Nb3 Bb4+ 6. c3 Be7 7. g3 Nf6 8. Bg2 d6 9. 0-0 0-0 10. Re1 Re8 11. Nd4 Bd7 12. Nxc6 Bxc6 1/2-1/2

[Event "BEL-chT 1112"]
[Site "Belgium"]
[Date "2012.04.01"]
[Round "11.3"]
[White "Laurent, Bruno"]
[Black "Tan, Matthew"]
[Result "0-1"]
[WhiteElo "2372"]
[BlackElo "2416"]
[PlyCount "70"]
[EventDate "2011.10.09"]
[EventType "team-tourn"]
[EventRounds "11"]
[EventCountry "BEL"]
[SourceTitle "EXT 2013"]
[Source "ChessBase"]
[SourceDate "2012.11.22"]
[SourceVersion "1"]
[SourceVersionDate "2012.11.22"]
[SourceQuality "1"]
[WhiteTeam "Charleroi CREC"]
[BlackTeam "Amay"]
[WhiteTeamCountry "BEL"]
[BlackTeamCountry "BEL"]

1. e4 e6 2. d4 d5 3. Nc3 Nf6 4. e5 Nfd7 5. f4 c5 6. Nf3 Nc6 7. Be3 cxd4 8. Nxd4 Bc5 9. Qd2 0-0 10. 0-0-0 a6 11. Qf2 Bxd4 12. Bxd4 b5 13. Be3 b4 14. Na4 a5 15. g4 Ba6 16. h4 Bxf1 17. Rhxf1 f5 18. Qg2 Ne7 19. Nc5 Nxc5 20. Bxc5 Rc8 21. Bd6 Qd7 22. Kb1 Kh8 23. Rd3 Rc4 24. Rg3 Rf7 25. h5 fxg4 26. Bxe7 Qxe7 27. Rxg4 Qf8 28. Qf2 h6 29. b3 Re4 30. Qb6 Rxe5 31. Qxa5 Rxh5 32. Qb6 e5 33. Re1 exf4 34. Qb5 Re7 35. Rxe7 Rh1+ 0-1

[Event "BEL-chT 1011"]
[Site "Belgium"]
[Date "2011.02.06"]
[Round "8.3"]
[White "Laurent, Bruno"]
[Black "Hautot, Stephane"]
[Result "1/2-1/2"]
[WhiteElo "2306"]
[BlackElo "2453"]
[PlyCount "34"]
[EventDate "2010.09.26"]
[EventType "team-tourn"]
[EventRounds "11"]
[EventCountry "BEL"]
[SourceTitle "EXT 2012"]
[Source "ChessBase"]
[SourceDate "2011.11.24"]
[SourceVersion "1"]
[SourceVersionDate "2011.11.24"]
[SourceQuality "1"]
[WhiteTeam "Charleroi CREC"]
[BlackTeam "Ans"]
[WhiteTeamCountry "BEL"]
[BlackTeamCountry "BEL"]

1. d4 Nf6 2. Bg5 Ne4 3. Bf4 d5 4. e3 c6 5. Bd3 e6 6. Bxe4 dxe4 7. Nd2 f5 8. f3 exf3 9. Ngxf3 Be7 10. 0-0 0-0 11. c3 c5 12. Ne5 Nc6 13. Ndf3 Nxe5 14. Nxe5 Qd5 15. Qb3 b6 16. Qxd5 exd5 17. Nc6 Re8 1/2-1/2

[Event "BEL-chT 1011"]
[Site "Belgium"]
[Date "2011.01.23"]
[Round "7.5"]
[White "Bolzoni, Victor Angel"]
[Black "Laurent, Bruno"]
[Result "0-1"]
[WhiteElo "2236"]
[BlackElo "2306"]
[PlyCount "64"]
[EventDate "2010.09.26"]
[EventType "team-tourn"]
[EventRounds "11"]
[EventCountry "BEL"]
[SourceTitle "EXT 2012"]
[Source "ChessBase"]
[SourceDate "2011.11.24"]
[SourceVersion "1"]
[SourceVersionDate "2011.11.24"]
[SourceQuality "1"]
[WhiteTeam "Namur"]
[BlackTeam "Charleroi CREC"]
[WhiteTeamCountry "BEL"]
[BlackTeamCountry "BEL"]

1. e4 e6 2. d4 d5 3. Nc3 Bb4 4. e5 Ne7 5. Nf3 c5 6. dxc5 Nbc6 7. Bd2 Ng6 8. Bb5 0-0 9. Bxc6 bxc6 10. Na4 Bxd2+ 11. Qxd2 f6 12. exf6 Qxf6 13. 0-0-0 e5 14. Qa5 Bg4 15. Rd2 Bxf3 16. gxf3 Nh4 17. Kb1 Nxf3 18. Rd3 e4 19. Rb3 Nd4 20. Rb7 Qxf2 21. Rc1 e3 22. b3 e2 23. Nb2 Rae8 24. Nd3 Qf6 25. Qxa7 Nb5 26. Rxb5 cxb5 27. Qb7 Qe6 28. Qxb5 Rf1 29. Ne1 Qe3 30. c6 Qxc1+ 31. Kxc1 Rxe1+ 32. Kb2 Rd1 0-1

[Event "La Fere op"]
[Site "La Fere"]
[Date "2010.07.05"]
[Round "4"]
[White "Laurent, Bruno"]
[Black "Pisk, Petr"]
[Result "1/2-1/2"]
[WhiteElo "2351"]
[BlackElo "2346"]
[PlyCount "48"]
[EventDate "2010.07.03"]
[EventType "swiss"]
[EventRounds "9"]
[EventCountry "FRA"]
[SourceTitle "CBM 137 Extra"]
[Source "ChessBase"]
[SourceDate "2010.09.01"]
[SourceVersion "1"]
[SourceVersionDate "2010.09.01"]
[SourceQuality "1"]

1. e4 c5 2. Nf3 d6 3. c3 Nf6 4. h3 g6 5. Bd3 Bg7 6. Bc2 0-0 7. d4 d5 8. e5 Ne4 9. 0-0 Nc6 10. Re1 cxd4 11. cxd4 Nb4 12. Bb3 Bf5 13. a3 Nc6 14. Be3 Rc8 15. Nh4 e6 16. Nxf5 gxf5 17. f3 Ng3 18. Nc3 f4 19. Bxf4 Nf5 20. Kh2 Nfxd4 21. Ba2 f6 22. exf6 Qxf6 23. Bb1 Rce8 24. Bd3 Qh6 1/2-1/2

[Event "Maastricht Limburg op-A 4th"]
[Site "Maastricht"]
[Date "2010.05.21"]
[Round "1"]
[White "Laurent, Bruno"]
[Black "Mengerink, Ynze"]
[Result "1/2-1/2"]
[WhiteElo "2330"]
[BlackElo "2093"]
[PlyCount "136"]
[EventDate "2010.05.21"]
[EventType "swiss"]
[EventRounds "7"]
[EventCountry "NED"]
[SourceTitle "CBM 136 Extra"]
[Source "ChessBase"]
[SourceDate "2010.07.02"]
[SourceVersion "2"]
[SourceVersionDate "2010.07.15"]
[SourceQuality "1"]

1. e4 c6 2. c4 d5 3. exd5 cxd5 4. cxd5 Nf6 5. Nc3 Nxd5 6. Nf3 e6 7. Bc4 Nb6 8. Bb3 Nc6 9. d4 Be7 10. 0-0 0-0 11. a3 Bf6 12. Be3 g6 13. Rc1 Ne7 14. Ne4 Bg7 15. Bg5 h6 16. Bf6 Bd7 17. Ne5 Bxf6 18. Nxf6+ Kg7 19. Qf3 Nf5 20. Nfxd7 Nxd7 21. Rfd1 Rb8 22. Qc3 Nxe5 23. dxe5 Qb6 24. Rd3 Rfd8 25. Rcd1 Rbc8 26. Qd2 Nd4 27. Rxd4 Rxd4 28. Qxd4 Qxb3 29. g3 Qf3 30. Qd3 Qxd3 31. Rxd3 Rc5 32. Re3 Rc2 33. b3 Kf8 34. Kg2 Ke7 35. Kf3 Kd7 36. h4 b5 37. b4 Ke7 38. Rd3 Rc6 39. Ke4 Rc4+ 40. Kf3 Rc6 41. Ke3 Ke8 42. Kd2 Ke7 43. Rd4 Ra6 44. Rd3 Rc6 45. f3 Rc7 46. Rd4 Rc6 47. Rd3 Rc7 48. Ke3 Rc6 49. g4 Rc4 50. f4 g5 51. hxg5 hxg5 52. fxg5 Rxg4 53. Rc3 Kd7 54. Rd3+ Kc7 55. Rc3+ Kb7 56. Rd3 Rxg5 57. Rd7+ Kc6 58. Rxf7 Rxe5+ 59. Kd4 Rd5+ 60. Ke4 a6 61. Ra7 Kb6 62. Re7 Rd6 63. Ke5 Rd3 64. Rxe6+ Kb7 65. Re7+ Kb6 66. Re6+ Kb7 67. Re7+ Kc6 68. Re6+ Kb7 1/2-1/2

[Event "BEL-chT 0910"]
[Site "Belgium"]
[Date "2010.01.24"]
[Round "7"]
[White "Laurent, Bruno"]
[Black "Tjiam, Dharma"]
[Result "0-1"]
[WhiteElo "2355"]
[BlackElo "2376"]
[PlyCount "156"]
[EventDate "2009.09.27"]
[EventType "team-tourn"]
[EventRounds "11"]
[EventCountry "BEL"]
[SourceTitle "EXT 2011"]
[Source "ChessBase"]
[SourceDate "2010.11.26"]
[SourceVersion "1"]
[SourceVersionDate "2010.11.26"]
[SourceQuality "1"]
[WhiteTeam "Charleroi CREC"]
[BlackTeam "KGSRL"]
[WhiteTeamCountry "BEL"]
[BlackTeamCountry "BEL"]

1. e4 d6 2. d4 Nf6 3. Nc3 g6 4. Be3 Bg7 5. Qd2 c6 6. Nf3 Qa5 7. h3 Nbd7 8. Bd3 0-0 9. 0-0 Qc7 10. a4 b6 11. a5 b5 12. Ne2 a6 13. Bh6 Re8 14. Bxg7 Kxg7 15. Ng3 e5 16. c3 Nf8 17. c4 Ra7 18. Rfc1 Qe7 19. c5 dxc5 20. Rxc5 exd4 21. Rac1 Ne6 22. Rxc6 Bb7 23. R6c2 Raa8 24. e5 Nd5 25. Be4 Rad8 26. Rd1 d3 27. Rcc1 Ndf4 28. Qe3 Bd5 29. Bxd5 Rxd5 30. Kh2 Qb4 31. Ne4 Red8 32. g3 Ne2 33. Rc6 N2d4 34. Rd6 Nf5 35. Qe1 Qxe1 36. Rxe1 Nxd6 37. Nxd6 b4 38. Kg2 f6 39. exf6+ Kxf6 40. Ne4+ Kf7 41. h4 h6 42. Ned2 Nd4 43. Ne5+ Kg7 44. Nec4 Ne2 45. Rd1 Rd4 46. Ne5 R4d5 47. Ndc4 Rc5 48. Kf3 Nd4+ 49. Ke3 Nc6 50. Nxc6 Rxc6 51. Rxd3 Re8+ 52. Kd4 Re2 53. Rb3 Rxf2 54. Rxb4 Rf1 55. Rb7+ Kf6 56. Ne3 Rfc1 57. b4 Ke6 58. b5 axb5 59. Rxb5 Ra1 60. Re5+ Kf7 61. Rb5 Ke6 62. Re5+ Kd7 63. Rb5 Ra4+ 64. Kd5 Ra6 65. Rb7+ Kc8 66. Rb5 R4xa5 67. Rxa5 Rxa5+ 68. Kd4 Kd7 69. Ke4 Ke6 70. Ng2 Ra4+ 71. Kf3 h5 72. Nf4+ Kf5 73. Kg2 Ra3 74. Kh3 Ra2 75. Nd5 Rd2 76. Ne7+ Kf6 77. Nc6 Ke6 78. Nb4 Kd6 0-1